00656nam a22002297a 45000010005000000030006000050050017000110080041000280200019000690400033000880500014001210820012001351000027001472450034001742600042002083000025002505050007002755200089002825210018003715210018003897000019004074008FISKH20240530094624.0240530b cb ||||| |||| 00| 0 eng d a9780449702543  aFISKH beng cFISKH dFISKH  aPZ7.V874  a813.54  aVoigt Cynthia d1942-  aHomecoming / cCynthia Voigt  aNew York : bFawcett Juniper, c1982  a372 pages : c18 cm  aM  aAbandoned by their mother, four children begin a search for a home and an identity. 8 a630 bLexile 8 aM bRaz-Plus  aCynthia Voigt